Statistiques concernant One Piece

Cliquez ici pour prendre le quiz!

Statistiques générales

  • Ce quiz a été pris 170 fois
    (127 depuis la dernière actualisation)
  • Le résultat moyen est 95 sur 251

Statistiques - réponses

Réponse% Correct
luffy
100%
nami
97%
zoro
97%
robin
96%
sanji
95%
usopp
95%
brook
94%
chopper
94%
franky
92%
shanks
90%
big mom
86%
jinbe
86%
ace
85%
crocodile
81%
kaido
81%
dragon
79%
sabo
79%
barbe noire
78%
doflamingo
78%
garp
78%
law
78%
barbe blanche
77%
mihawk
77%
baggy
76%
gol d roger
76%
arlong
74%
katakuri
74%
moria
74%
akainu
72%
kuma
72%
marco
72%
vivi
71%
aokiji
69%
ben beckman
69%
boa
69%
rayleigh
68%
kidd
65%
ener
64%
king
64%
kizaru
63%
queen
63%
smoker
63%
van augur
63%
yasopp
63%
bonclay
62%
bonney
62%
jack
62%
kaku
60%
kobby
60%
lucci
60%
sengoku
60%
daz bones
59%
perona
59%
killer
58%
alvida
56%
galdino
56%
oden
56%
zeff
56%
hermep
55%
urouge
55%
kinemon
54%
magellan
54%
tashigi
54%
vista
54%
apoo
53%
joz
53%
momonosuke
53%
capone bege
51%
drake
51%
koala
51%
burgess
50%
hawkins
50%
absalom
49%
belmer
49%
carrot
49%
cesar
49%
cobra
49%
gem
49%
morgan
49%
babe
47%
fujitora
47%
shirahoshi
47%
spandam
47%
yamato
47%
crocus
46%
don krieg
46%
gin
46%
igaram
46%
kaya
46%
neptune
46%
rebecca
46%
tom
46%
bepo
45%
corazon
45%
diamante
45%
hoddy
45%
ivankov
45%
kalifa
45%
laboon
45%
octy
45%
pudding
45%
ulti
45%
lucky roux
44%
pell
44%
wapol
44%
bartolomeo
42%
kureha
42%
pedro
42%
pica
42%
shiliew
42%
sugar
42%
bellamy
41%
page one
41%
vegapunk
41%
cavendish
40%
icebarg
40%
kanjuro
38%
monet
38%
nekomamushi
38%
black maria
37%
dadan
37%
doc Q
37%
hiluluk
37%
jango
37%
nojiko
37%
o tama
37%
raizo
37%
blueno
36%
catarina devon
36%
tsuru
36%
hina
35%
kyros
35%
makino
35%
perospero
35%
brulee
33%
jabura
33%
lafitte
33%
smack
33%
who's who
33%
hack
32%
inuarashi
32%
kuina
32%
miss doublefinger
32%
vergo
32%
fisher tiger
31%
im
31%
olvia
31%
pauly
31%
ryuma
31%
viola
31%
dalton
29%
fullbody
28%
hannyabal
28%
o kiku
28%
vasco shot
28%
brogy
27%
camie
27%
den
27%
hogback
27%
leo
27%
ashura
26%
avalo pizarro
26%
chaka
26%
hiyori
26%
kokoro
26%
sajuan wolf
26%
crackers
24%
genzo
24%
izou
24%
miss goldenweek
24%
patty
23%
pekoms
23%
ryokugyu
23%
sauro d haguar
23%
shiki
23%
toki
23%
xebec
23%
denjiro
22%
miss monday
22%
orochi
22%
otohime
22%
captain john
21%
fukaboshi
19%
karoo
19%
kuroobi
19%
penguin
19%
wanda
19%
papag
18%
stussy
18%
chimney
17%
dellinger
17%
higuma
17%
kawamatsu
17%
chiffon
15%
chinjao
15%
gladius
15%
buffalo
14%
caribou
14%
o toko
14%
decken
13%
lola
13%
norland
13%
rika
13%
rouge
13%
scopper gaban
13%
stronger
13%
manboshi
12%
aladdin
10%
ganfall
10%
hyogoro
10%
duval
9%
shachi
9%
speed
9%
baby five
8%
kalgara
8%
shaka
8%
holdem
6%
maria
6%
miss merry chrismas
6%
pandaman
6%
york
6%
crow
5%
domino
5%
edison
5%
lilith
5%
otsuru
5%
yasuie
5%
dosun
4%
pythagore
4%
zunesha
4%
atlas
3%
daruma
3%
demaro black
3%
heracles
3%
kyoshiro
3%
miss father's day
3%
shyarly
3%
wadatsumi
3%
margareth
1%
saint carlos
1%
senior pink
1%
belladonna
0%
doma
0%
dorey
0%
harudjin
0%
holy
0%
homing
0%
les pirates de la lune
0%
morgan big news
0%
ryobushi
0%
sonia
0%

Distribution des résultats

Percentile par nombre de réponses

% des personnes avec chaque résultat

Votre développement - résultats

Vous n’avez pas pris ce quiz depuis la dernière actualisation